Electronic circuits (Record no. 5241)
[ view plain ]
| 000 -LEADER | |
|---|---|
| fixed length control field | 00529nam a2200181Ia 4500 |
| 003 - CONTROL NUMBER IDENTIFIER | |
| control field | SGT |
| 020 ## - INTERNATIONAL STANDARD BOOK NUMBER | |
| International Standard Book Number | 9780070528987 |
| 082 ## - DEWEY DECIMAL CLASSIFICATION NUMBER | |
| Classification number | 621.381 |
| Item number | SCH |
| 100 ## - MAIN ENTRY--PERSONAL NAME | |
| Personal name | Schilling,Donald,L. |
| 245 ## - TITLE STATEMENT | |
| Title | Electronic circuits |
| 250 ## - EDITION STATEMENT | |
| Edition statement | 3rd Ed. |
| 260 ## - PUBLICATION, DISTRIBUTION, ETC. (IMPRINT) | |
| Name of publisher, distributor, etc | Tata McGraw Hill Education Private Limited |
| Place of publication, distribution, etc | New Delhi |
| Year of Publication | 2011 |
| 300 ## - PAGE DESCRIPTION | |
| No. of Pages | 936p. |
| 650 ## - SUBJECT ADDED ENTRY--TOPICAL TERM | |
| Topical term or geographic name as entry element | ELECTRONICS ENGINEERING |
| 653 ## - KEYWORDS--INDEX TERM | |
| Keyword term | DIODE-CIRCUIT ANALYSIS,INTRODUCTION TO TRANSISTOR CIRCUITS,THE FIELD TRANSISTOR,BIAS STABILITY, |
| 700 ## - ADDED ENTRY--PERSONAL NAME | |
| Personal name | Belove,Charles |
| 942 ## - ADDED ENTRY ELEMENTS (KOHA) | |
| Source of classification or shelving scheme | Dewey Decimal Classification |
| Koha item type | Books |
| Withdrawn status | Lost status | Source of classification or shelving scheme | Damaged status | Not for loan | Home library | Current library | Date acquired | SGTU | Total Checkouts | Full call number | Accession No. (Barcode) | Date last seen | Date last borrowed | Bill Date | Koha item type | Use restrictions | Collection code | Shelving location |
|---|---|---|---|---|---|---|---|---|---|---|---|---|---|---|---|---|---|---|
| Dewey Decimal Classification | SGT Engineering Library | SGT Engineering Library | 28/06/2011 | SGTU | 1 | 658.381 SCH | FE3493 | 30/03/2017 | 28/02/2017 | 09/02/2015 | Books | |||||||
| Dewey Decimal Classification | Not For Loan | SGT Engineering Library | SGT Engineering Library | 28/06/2011 | SGTU | 658.381 SCH | FE3494 | 09/02/2015 | 09/02/2015 | Books | Restricted Access | ENGINEERING | Reference Book | |||||
| Dewey Decimal Classification | SGT Engineering Library | SGT Engineering Library | 28/06/2011 | SGTU | 658.381 SCH | FE3495 | 09/02/2015 | 09/02/2015 | Books | |||||||||
| Dewey Decimal Classification | SGT Engineering Library | SGT Engineering Library | 28/06/2011 | SGTU | 658.381 SCH | FE3496 | 09/02/2015 | 09/02/2015 | Books | |||||||||
| Dewey Decimal Classification | SGT Engineering Library | SGT Engineering Library | 28/06/2011 | SGTU | 658.381 SCH | FE3497 | 09/02/2015 | 09/02/2015 | Books | |||||||||
| Dewey Decimal Classification | SGT Engineering Library | SGT Engineering Library | 31/05/2013 | SGTU | 658.381 SCH | FE6005 | 09/02/2015 | 09/02/2015 | Books | |||||||||
| Dewey Decimal Classification | SGT Engineering Library | SGT Engineering Library | 31/05/2013 | SGTU | 658.381 SCH | FE6006 | 09/02/2015 | 09/02/2015 | Books | |||||||||
| Dewey Decimal Classification | SGT Engineering Library | SGT Engineering Library | 31/05/2013 | SGTU | 658.381 SCH | FE6007 | 09/02/2015 | 09/02/2015 | Books | |||||||||
| Dewey Decimal Classification | SGT Engineering Library | SGT Engineering Library | 31/05/2013 | SGTU | 658.381 SCH | FE6008 | 09/02/2015 | 09/02/2015 | Books | |||||||||
| Dewey Decimal Classification | SGT Engineering Library | SGT Engineering Library | 31/05/2013 | SGTU | 658.381 SCH | FE6009 | 09/02/2015 | 09/02/2015 | Books |